Sports Quiz

Random Sports or WWE Quiz

WWE Divas Championship Quiz Stats

 Plays Quiz Updated Feb 4, 2019

Support Sporcle.
Go Orange.
Score 0/26 Timer 07:00
0 Plays Today
Date Champion % Correct
June 30, 2014AJ Lee
91%
September 21, 2014AJ Lee
91%
November 23, 2014Nikki Bella
90.8%
June 16, 2013AJ Lee
90.6%
April 7th, 2014Paige
87.5%
August 17, 2014Paige
87.5%
April 23, 2012Nikki Bella
85.7%
September 20, 2015Charlotte Flair
83.8%
Sept. 20, 2008Michelle McCool
79%
April 29, 2012Layla
75.3%
April 11, 2011Brie Bella
73.2%
October 2, 2011Beth Phoenix
72.2%
September 19, 2010Michelle McCool
69.5%
Date Champion % Correct
Jul. 26, 2009Mickie James
69%
Apr. 12, 2010Eve Torres
66.9%
September 16, 2012Eve Torres
66.4%
Oct. 12, 2009Melina
64.7%
June 20, 2011Kelly Kelly
62.6%
Dec. 26, 2008Maryse
62.4%
Feb. 22, 2010Maryse
62.2%
January 14, 2013Kaitlyn
61.5%
November 21, 2010Natalya
60.7%
January 30, 2011Eve Torres
59.3%
June 20, 2010Alicia Fox
58.3%
August 15, 2010Melina
56.7%
Oct. 12, 2009Jillian Hall
45.4%

You're not logged in!

Compare scores with friends on all Sporcle quizzes.
OR
Log In
Forgot?

From the Vault

Country and States Match-Up

by ruuub

Canada and the United States might be easy, but just wait until you get to Brazil...
Remove Ads.
Support Sporcle.
Get the best of Sporcle when you Go Orange. This ad-free experience offers more features, more stats, and more fun while also helping to support Sporcle. Thank you for becoming a member.

Show Comments

Extras

Top Quizzes Today


Score Distribution

Your Account Isn't Verified!

In order to create a playlist on Sporcle, you need to verify the email address you used during registration. Go to your Sporcle Settings to finish the process.

Report this User

Report this user for behavior that violates our Community Guidelines.

Details: